Pragmatics in the history of English /

This book is a state-of-the-art overview of English historical pragmatics, covering a range of topics, including pragmatic markers, speech representation, address terms, speech acts, politeness and registers, genres and style. It is essential reading for both students and scholars of English linguis...

Full description

Bibliographic Details
Main Author: Brinton, Laurel J. (Author)
Format: Book
Language:English
Published: Cambridge ; New York : Cambridge University Press, [2023].
Subjects:

MARC

Tag First Indicator Second Indicator Subfields
LEADER 00000cam a2200000 i 4500
001 in00004781007
003 OCoLC
005 20240318142412.3
008 230427t20232023enka b 001 0 eng
010 |a  2023015866 
040 |a DLC  |e rda  |c DLC 
020 |a 9781009322928  |q (hardback) 
020 |a 1009322923 
020 |a 9781009322874  |q (paperback) 
020 |a 1009322877 
020 |z 9781009322904  |q (ebook) 
020 |z 9781009322898  |q PDF ebook 
035 |a (OCoLC)1376158728 
050 0 0 |a PE1101  |b .B65 2023 
082 0 0 |a 420.1/45  |2 23/eng/20230614 
100 1 |a Brinton, Laurel J.,  |e author. 
245 1 0 |a Pragmatics in the history of English /  |c Laurel J. Brinton, University of British Columbia. 
264 1 |a Cambridge ;  |a New York :  |b Cambridge University Press,  |c [2023]. 
264 4 |c ©2023. 
300 |a xiv, 256 pages :  |b illustrations ;  |c 24 cm. 
336 |a text  |b txt  |2 rdacontent 
337 |a unmediated  |b n  |2 rdamedia 
338 |a volume  |b nc  |2 rdacarrier 
504 |a Includes bibliographical references (pages 228-252) and index. 
520 |a This book is a state-of-the-art overview of English historical pragmatics, covering a range of topics, including pragmatic markers, speech representation, address terms, speech acts, politeness and registers, genres and style. It is essential reading for both students and scholars of English linguistics and historical linguistics. 
650 0 |a English language  |x History. 
650 0 |a Pragmatics  |x History. 
650 0 |a Historical linguistics. 
945 |b 988115 
947 |a A14852512731 
948 |a dmitchel 3/18/24 9.20.10 
980 |b print  |c 40032059650  |f NONFIC/B  |g 565714  |k USD  |m 84.00  |q 1  |s AcqMono Conventional  |t Approval plan  |u Vendor order reference number  |v ZYBP  |y Print approval  |z Physical resource 
999 f f |i 728d4599-9db4-46c7-b2f3-e935a4697fe0  |s a5e87a91-a30c-4116-8745-03dc97ba68b1  |t 0 
952 f f |p normal  |a Texas A&M University  |b College Station  |c Sterling C. Evans Library  |s Evans stk  |d Evans: Library Stacks  |t 0  |e PE1101 .B65 2023  |h Library of Congress classification  |i unmediated -- volume  |m A14852512731